000 00465nam a2200157Ia 4500
999 _c16114
_d16114
003 OSt
005 20200606115851.0
008 190216s9999||||xx |||||||||||||| ||und||
040 _cMESKC library
082 _a891.431
_bCHA/B
245 0 _aBharatiya Basahon Ke Desh - Prem - Parak - Lok - Geet
260 _bNew Barath Prakasan,
_c2002.
_aJodhpur :
300 _a54p
650 _aHindi
942 _cBK
_2ddc
_h891.431
_iCHA/B
_k891.431
_mCHA/B